000 00659nam a2200181Ia 4500
005 20250423100047.0
008 250422s9999 xx 000 0 und d
020 _a9780520379558
050 _aPN 1995.7 .D54/
100 _aDienstfrey, Eric
245 0 _aMaking stereo fit : the history of a disquieting film technology
260 _aCalifornia
260 _bUniversity of California Press
260 _c2024
300 _a295 p
650 _a Sound in motion pictures. Surround-sound systems--Aesthetics. Stereophonic sound systems--Economic aspects. Motion pictures--Sound effects. Sound--Recording and reproducing--Digital techniques
942 _cBK
999 _c32169
_d32169